[Event "12th European team championship"]
[Site "Batumi"]
[Date "1999.12.07"]
[Round "9"]
[White "Geenen, Marc"]
[Black "Grant, Jonathan"]
[Result "1-0"]
[WhiteElo "2260"]
[BlackElo "2347"]
[WhiteTitle "FM"]
[WhiteTeam "Belgium"]
[BlackTeam "Scotland"]
[Board "3"]
[Source "OlimpBase"]
[EventDate "1999.11.29"]
[PlyCount "83"]

1. e4 c6 2. d4 d5 3. Nc3 dxe4 4. Nxe4 Bf5 5. Ng3 Bg6 6. h4 h6 7. Nf3 Nf6
8. Ne5 Bh7 9. Bd3 Bxd3 10. Qxd3 e6 11. Bd2 Nbd7 12. f4 c5 13. O-O-O Rc8 14. Ne4
Nxe5 15. fxe5 Nxe4 16. Qxe4 cxd4 17. Qxb7 Qc7 18. Qb5+ Qc6 19. Qxc6+ Rxc6
20. Be1 Bc5 21. Bf2 O-O 22. Rh3 Rfc8 23. Rhd3 Rd8 24. c4 f6 25. Bg3 Kf7 26. h5
f5 27. Kc2 Bb6 28. b3 a5 29. Kb2 a4 30. Bf2 Rd7 31. Bxd4 Rxd4 32. Rxd4 Bxd4+
33. Rxd4 Rc5 34. b4 Rxe5 35. c5 Re2+ 36. Kc3 e5 37. Rd1 Rxa2 38. c6 Ra3+
39. Kc2 Ra2+ 40. Kb1 Ra3 41. c7 Rc3 42. Rc1 1-0

[Event "12th European team championship"]
[Site "Batumi"]
[Date "1999.12.07"]
[Round "9"]
[White "Morrison, Chris"]
[Black "Ahn, Martin"]
[Result "0-1"]
[WhiteElo "2148"]
[BlackElo "2331"]
[BlackTitle "FM"]
[WhiteTeam "Scotland"]
[BlackTeam "Belgium"]
[Board "4"]
[Source "OlimpBase"]
[EventDate "1999.11.29"]
[PlyCount "124"]

1. e4 c5 2. Nc3 Nc6 3. g3 g6 4. Bg2 Bg7 5. d3 e6 6. Be3 d6 7. Qd2 Rb8 8. Nge2
Nd4 9. O-O Ne7 10. Bh6 O-O 11. Bxg7 Kxg7 12. Nxd4 cxd4 13. Ne2 Qb6 14. c3 Nc6
15. cxd4 Nxd4 16. Qc3 e5 17. Nxd4 exd4 18. Qd2 Bd7 19. Rfc1 Rbc8 20. h4 h6
21. Kh2 Rc5 22. Rc4 Rfc8 23. Rac1 Be6 24. Rxc5 Rxc5 25. Rxc5 dxc5 26. b3 Qc7
27. Bh3 Bxh3 28. Kxh3 b6 29. f4 Qd7+ 30. g4 a5 31. a4 Qe6 32. Qc2 h5 33. f5
hxg4+ 34. Kxg4 gxf5+ 35. exf5 Qe3 36. Qc4 Qe2+ 37. Kg3 Qe5+ 38. Kg4 Kf6 39. Qb5
Qxf5+ 40. Kg3 Qe5+ 41. Kf3 Qe3+ 42. Kg2 Qe6 43. Kg3 Ke5 44. Qc4 Qg6+ 45. Kf2
Qf5+ 46. Kg2 Qg4+ 47. Kf1 Qh3+ 48. Kg1 Qg3+ 49. Kf1 f5 50. Qf7 Qxd3+ 51. Ke1
Qe4+ 52. Kd1 Qxh4 53. Qc7+ Ke4 54. Qxb6 Qg4+ 55. Kc1 Qf4+ 56. Kd1 Qf3+ 57. Kd2
Qc3+ 58. Kd1 Qd3+ 59. Ke1 Kf3 60. Qb5 Ke3 61. Qe8+ Qe4 62. Qh5 Qb1+ 0-1